Business communication skills (Record no. 5459)

MARC details
000 -LEADER
fixed length control field 00535 a2200205 4500
001 - CONTROL NUMBER
control field 072222
003 - CONTROL NUMBER IDENTIFIER
control field OSt
005 - DATE AND TIME OF LATEST TRANSACTION
control field 20210906110928.0
008 - FIXED-LENGTH DATA ELEMENTS--GENERAL INFORMATION
fixed length control field
020 ## - INTERNATIONAL STANDARD BOOK NUMBER
International Standard Book Number 9788179981016
082 ## - DEWEY DECIMAL CLASSIFICATION NUMBER
Classification number 658.45
Item number A15B
100 1# - MAIN ENTRY--PERSONAL NAME
Personal name Agarwal, N.P.
245 1# - TITLE STATEMENT
Title Business communication skills
Statement of responsibility, etc by N.P. Agarwal and R.K. Tailor
260 ## - PUBLICATION, DISTRIBUTION, ETC. (IMPRINT)
Place of publication, distribution, etc Jaipur
Name of publisher, distributor, etc Malik & Company
Date of publication, distribution, etc 2012
300 ## - PHYSICAL DESCRIPTION
Extent 355p.
630 ## - SUBJECT ADDED ENTRY--UNIFORM TITLE
Uniform title Management
690 ## - LOCAL SUBJECT ADDED ENTRY--TOPICAL TERM (OCLC, RLIN)
Topical term or geographic name as entry element Communication skills; Management
700 ## - ADDED ENTRY--PERSONAL NAME
Personal name Tailor, R.K.
942 ## - ADDED ENTRY ELEMENTS (KOHA)
Source of classification or shelving scheme Dewey Decimal Classification
Koha item type Books
Holdings
Withdrawn status Lost status Source of classification or shelving scheme Damaged status Not for loan Collection code Home library Current library Date acquired Source of acquisition Cost, normal purchase price Full call number Barcode Date last seen Price effective from Koha item type
    Dewey Decimal Classification     General Text Book Central University Of Rajasthan Central University Of Rajasthan 07/03/2012 MGM 1500.00 658.45 A15B 7048 21/11/2024 02/09/2020 Books